000 00694nam a2200241Ia 4500
003 OSt
005 20220918195145.0
006 a|||||r|||| 00| 0
007 ta
008 220917b |||||||| |||| 00| 0 eng d
024 _a83,763
037 _cTextual
040 _aARTS
_cARTS
_beng
041 _2eng
_aeng
082 _aS63:86, J5
100 _aStacey Hcalmers L ed
_989292
245 0 _aCounseling and psychotheraphy with the mentally retarded
_b a boook of readings
260 _c1955
650 _aPSYCHOLOGY
700 _a Demartino Manfred F ed
_989293
942 _hS63:86, J5
_cTEXL
_2CC
999 _c207477
_d207477